书目信息 |
| 题名: |
苏联简史
|
|
| 作者: | 诺索夫 主编 ;武汉大学外文系 译 | |
| 分册: | 第一卷 从远古时代到伟大十月社会主义革命前夕 | |
| 出版信息: | 北京 三联书店 1977 |
|
| 页数: | 283-656页 | |
| 开本: | 20cm | |
| 丛书名: | ||
| 单 册: | ||
| 中图分类: | K521 , K512 | |
| 科图分类: | ||
| 主题词: | 东欧--历史 , 中欧--历史 | |
| 电子资源: | ||
| ISBN: | ||
| 000 | 00792nam0 2200265 45 | |
| 001 | 0177000438 | |
| 005 | 20070728174442.46 | |
| 010 | @dCNY2.00 | |
| 091 | @a11002.395 | |
| 100 | @a19951017d1977 em y0chiy0121 ea | |
| 101 | 1 | @achi@crus |
| 102 | @aCN@b110000 | |
| 105 | @ay z 000yy | |
| 200 | 10 | @a苏联简史@Asu lian jian shi@h第一卷@i从远古时代到伟大十月社会主义革命前夕@h下册@f(苏)E.诺索夫主编@g武汉大学外文系译 |
| 210 | @a北京@c三联书店@d1977 | |
| 215 | @a283-656页@d20cm | |
| 606 | 0 | @a东欧@x历史 |
| 606 | 0 | @a中欧@x历史 |
| 690 | @aK521@v3 | |
| 690 | @aK512@v4 | |
| 701 | 0 | @a诺索夫@Anuo suo fu@bE.@4主编 |
| 712 | 02 | @a武汉大学外文系@Awu han da xue wai wen xi@4译 |
| 801 | 2 | @aCN@bNLC@c20070728 |
| 801 | 0 | @aCN@b广东省中山图书馆@c20060814 |
| 905 | @dK512@e14:1(2)@f1@b3070 | |
| 苏联简史.第一卷.从远古时代到伟大十月社会主义革命前夕.下册/(苏)E.诺索夫主编/武汉大学外文系译.-北京:三联书店,1977 |
| 283-656页;20cm |
| ISBN :CNY2.00 |
| ● |
| 相关链接 |
|
|
|
|
正题名:苏联简史
索取号:K512/14:1(2)
 
预约/预借
| 序号 | 登录号 | 条形码 | 馆藏地/架位号 | 状态 | 备注 |
| 1 | 0003070 | 001895569 | 第二借阅区/ [索取号:K512/14:1(2)] | 在馆 | |
| 2 | 0785592 | 207855926 | 密集书库/ [索取号:K512/14:1(2)] | 在馆 |